Заключения IV съезда уполномоченных по докладу о реформе местного управления

Доступно только в Электронных читальных залах Найти на картеНа карте
RUSMARC
00003402nac2a22002411x 450
0011df425db-fbbb-4769-a467-713cc2ec5ffe
00520131121230816.0
100##$a20130529l1908 k y0rusy50 ca
1010#$arus
102##$aRU
105##$ay z |||||
2001#$aЗаключения IV съезда уполномоченных по докладу о реформе местного управления
$j[1908]
215##$a3 листа
251##$cДело
300##$aМашинописный текст
330##$aV. Материалы о местной и земской реформе
461#0$1001b6db1e6b-efcc-4108-961b-a8f75be6354f
$12001
$aПостоянный совет объединенных дворянских обществ
$1251
$cФонд
$1852
$j434
462#0$1001376737bd-14a2-4097-a3d5-a02b2aa0e2d3
$12001
$aПостоянный совет объединенных дворянских обществ. 1906-1917 гг.
$1251
$cОпись
$1852
$j1
60102$3RU\NLR\AUTH\8810165427
$aПостоянный совет объединенных дворянских обществ
$cПетербург
60102$aСовет объединенных дворянских обществ (Петербург). Съезд уполномоченных (4)
801#0$aRU
$bGA_RF
801#1$aRU
$bНПО Опыт
$c20130529
$2rusmarc
801#2$aRU
$bПБ им. Б.Н. Ельцина
$c20131121
$gRCR
$2rusmarc
852##$aГА РФ
$j150
937##$d41905562
$hПБ
035##$aRuPRLIB51005751
Формат отображения